000 00831nas a2200277 4500
001 BR2014006478
003 BR-BrBNA
005 20231205124619.0
007 ta
008 230509b bl.|||p| |||| 00| 00por d
040 _aBR-BrBNA
_bpor
_cBiblioteca Nacional de Agricultura
041 _a(Pt)
072 _aL73
100 1 _amartins, D.B.
100 1 _aDeckmann, M.A.J.
100 1 _aSperotto, V. da R.
245 1 _aCriptococose cutânea associada à severa infestação por Sarcoptes sp. e Demodex sp. em um cão
650 _aCÃO
650 _aCRIPTICOCOSE CUTÂNEA
650 _aHEMOGRAMA
650 _aFUNGO
650 _aINFECÇÃO
773 0 _tCiência Rural (Brazil)
_xISSN 0103-8478
_g(Aug 2014), v. 44(8) p. 1437-1441
_wBR2014006478
909 _a202311
_bLúcia
_c55
_dLúcia Elande
942 _2AGRIS
_n0
_cANA
999 _c239990
_d239990